| 000 | 00654nam a22002297a 4500 | ||
|---|---|---|---|
| 005 | 20250210160159.0 | ||
| 008 | 250210b |||||||| |||| 00| 0 eng d | ||
| 020 | _a9788190828260 | ||
| 037 | _cLCT | ||
| 040 |
_aLCT _cLCT |
||
| 084 | _aZ2 P9 | ||
| 100 |
_aK N Tiwari _9734983 |
||
| 245 | _aAncient Indian Law (3V set)/ | ||
| 260 |
_aDelhi _bPrashant Publishing House _c2009 |
||
| 300 | _a3V (280p, 256p, 248p) | ||
| 521 | _aThis book is 3 vol set | ||
| 650 | _aHindu law | ||
| 650 |
_aAncient Indian Law _9704619 |
||
| 650 | _aLaw | ||
| 700 | _aKrishna Kumari | ||
| 942 |
_2CC _cTB _hZ2 P9.1 _n0 |
||
| 999 |
_c1238381 _d1238381 |
||